ネットミームかるた1-500 - Statistics

General Stats
  • This quiz has been taken 110 times
  • The average score is 3 of 503
Answer Stats
頭文字 ミーム 備考 備考 % Correct
野獣先輩 ネットミーム総選挙2023:3位
46%
阿部寛のホームページ
17%
やりますねぇ 日常生活に使える淫夢語録
13%
キーボードクラッシャー ネットミーム総選挙2023:25位
8%
チャリで来た ネットミーム総選挙2023:20位
7%
お前を殺す
6%
虫さんが走る 虫酸(むしず)が走るを読めなかったなんJの国語力
6%
でも幸せならOKです 『ネットのおもちゃでカルタをやってみた【バキ童】』
6%
U Unwelcome School 「自選集十選」
6%
水素の音 ネットミーム総選挙2023:36位
4%
ぬるぽ
4%
セイキンダンス 『ネットミームかるた400』未収録 Youtuberであるセイキンが『フルキャラアイス』でアイスを作った際に披露したタカラトミー公式の謎ダンスから派生したミーム
4%
D Daisuke... 自選集十選
4%
G ggrks 『マヂキタ大草原』 同番組で「ggrks words」という視聴者にこれは各自で検索してねという最後の親切心による独自のシステ
4%
インド人を右に 『ネットミーム元ネタかるた2nd Season』
3%
計画通り 『ネットミーム元ネタかるた2nd Season』
3%
もすかう 『ネットミームかるた200』未収録
3%
3%
やらないか 超速報(OVAの発表間もない頃)
3%
買っちゃった 超速報(映像は現在放送中) 『フリーレン』が秘密に何かを購入した時に使う遅い報告
3%
3 33-4 ネットミーム総選挙2023:78位
3%
ひろゆき
2%
ラグトレイン 「自選集十選」
2%
てってってー 2024年1月休止時再掲作品
2%
先生と二人できました
2%
ないんだな、それが ネットミーム総選挙2023:36位
2%
密です シリーズ「コロナ禍を振り返る」
2%
D Deja Vu 海外ミーム
2%
N Nyan Cat 海外ミーム
2%
o orz 絶滅(危惧)ネットカルチャーシリーズ
2%
W Why字路 当初表ではこれを包含した「ダイナミック作画」として登録していた
2%
西濃は神
1%
たべるんごのうた
1%
なぜ笑うんだい
1%
バジリスクタイム ネットミーム総選挙2023:56位
1%
フタエノキワミ、アッー! ネットミーム総選挙2023:41位
1%
ミクダヨー
1%
無限ループって怖くね? 自選集十選
1%
めっちゃ早口で言ってそう
1%
ンゴ
1%
さかなーちんあなごー
1%
キボンヌ
1%
帝京平成大学のここがすごい ネットミーム総選挙2023:30位
1%
熱盛 自選集十選
1%
人だね殺します
1%
電車男
1%
※ただしイケメンに限る 自選集十選
1%
オンドゥルルラギッタンディスカー!! ネットミーム総選挙2023:26位
1%
ノコノコダンス ネットミーム総選挙2023:1票
1%
恐ろしく速い手刀
1%
ゲッダン ネットミーム総選挙2023:85位
1%
轢かれる米津玄師 『ネットミームかるた100』未収録
1%
アニメダンス 『ネットミームかるた200』未収録
1%
スプー ネットミーム総選挙2023:62位
1%
ニャオハ立つな
1%
重曹を舐める天才子役 超速報(当時放送中)
1%
転生林檎 『ネットミームかるた200』未収録
1%
これから毎日家を焼こうぜ?
1%
そんな装備で大丈夫か? ネットミーム総選挙2023:42位
1%
ザ・エンドってね
1%
おちゃめ機能
1%
ガチムチパンツレスリング
1%
爆発オチなんてサイテー!
1%
コックカワサキ
1%
わっふるわっふる
1%
サイコロステーキ先輩
1%
岩盤 ドラゴンボール特集
1%
溺れ死ぬボーちゃんのものまね 当初の表では「溺れ死ぬボーちゃん」としか無かった
1%
小並感
1%
きさらぎ駅 真夏のホラーミーム特集
1%
そうはならんやろ
1%
ナウル共和国のホームページ 今ではナウル共和国そのものがミームになりつつある
1%
人の心とかないんか?
1%
ドカ食い気絶部 健康を害する非常に危険な行為なので誰もマネしないこと
1%
今北産業 『マヂキタ大草原』
1%
キャベツ 2024年1月休止時再掲作品 Why字路で事前予告していた
1%
ギコ猫
1%
ナルトス ネットミーム総選挙2023:92位
1%
ポルターガイストくん 淫夢七不思議
1%
きしめん 『ネットミームかるた400』未収録
1%
ナイト・オブ・ナイツ 『ネットミームかるた400』未収録
1%
マル書いてフォイ 丸を書いたらすぐにマルフォイとなる謎の絵描き歌
1%
もう助からないゾ♡
1%
城之内 死す
1%
奴は四天王の中でも最弱… 『ネットミーム元ネタかるた』 正式な「フフフ…奴は四天王の中でも最弱…」で採用
1%
判断が遅い ページ編集のエラー問題に対するあてつけ?
1%
かゆうま 『マヂキタ大草原』
1%
やったぜ。 超速報(フェイク動画)
1%
アヤヤトゥーヤー 前のShortsとの関連性はあんまりない
1%
万歳エディション
1%
さすらいおじさん 『さすらい』に合わせて踊る中国のおじさんのTikTok動画
1%
5 5000兆円欲しい
1%
おどる春日部つむぎBB 『ネットミームかるた200』未収録
1%
F F 海外ミーム
1%
J JK 京浜東北線(JK00)などの話はあがらなかった
1%
N Nice boat.
1%
オーズOP 『ネットミームかるた400』未収録
1%
R Rickroll 海外ミーム
1%
S SAN値 ネットミーム総選挙2023:1票 『ネットミーム総選挙2023』では「SAN値ピンチ」名義
1%
T To Be Continued 海外ミームの「We'll be right back」は触れられなかった
1%
w wwwwwwwwww 『草』のインターナショナル表現?
1%
イ゙ェアアアア
0%
ウホッ!!いい男 ネットミーム総選挙2023:38位
0%
えー!なんすか!? ネットミーム総選挙2023:12位
0%
お前を消す方法
0%
香具師
0%
くまのプーさんホームランダービー
0%
嫌儲飯
0%
ゴマすりクソバード
0%
冷めチキ
0%
シャミ子が悪いんだよ
0%
その点トッポってすげぇよな、
0%
違う、そうじゃない
0%
ツヨシがやらかしましてね
0%
ティーダのチ〇ポ気持ちよすぎだろ! ネットミーム総選挙2023:11位
0%
止まるんじゃねぇぞ… ネットミーム総選挙2023:50位
0%
ネコと和解せよ
0%
乗るしかない、このビッグウェーブに ネットミーム総選挙2023:39位
0%
ヘブン状態
0%
ホ〇が嫌いな女子なんかいません!!!!
0%
ま、噓なんですけどね
0%
もの売るってレベルじゃねぇぞ! ネットミーム総選挙2023:26位
0%
ゆっくりしていってね!!!
0%
よろしい、ならば戦争だ
0%
ラーメン三銃士
0%
りぼんちゃん 自選集十選
0%
ルイズコピペ 自選集十選
0%
レッドさんなら仕方ない
0%
ローソンクルーアキコ
0%
わたし、気になります
0%
ヲタケン
0%
もうだめぽ
0%
スパイダーマッ
0%
江ノ電自転車ニキ ネットミーム総選挙2023:29位
0%
耳にバナナが入っててな
0%
しぃ
0%
助六
0%
今日も一日がんばるぞい 『ネットミーム元ネタかるた』
0%
何でも言うことを聞いてくれる
0%
あぁ^~心がぴょんぴょん
0%
四次元殺法コンビ
0%
例の紐
0%
全方位中指
0%
あげません
0%
オイオイオイ 『ネットミーム元ネタかるた2nd Season』
0%
マリ箱ダンス
0%
ゲーミング虹夏 超速報(当時放送中)
0%
無限ドリトス 超速報
0%
にじかって誰? 超速報(当時放送中)
0%
伊地知ニジカ 超速報(当時放送中)
0%
死にたい
0%
ションボリルドルフ
0%
築地魚河岸三代目
0%
うわっ…私の年収、低すぎ…?
0%
働いたら負けかなと思ってる 『ネットのおもちゃでカルタをやってみた【バキ童】』
0%
ふしだらな母と笑いなさい
0%
吉良ココア
0%
すごい一体感を感じる
0%
オセアニアじゃあ常識なんだよ
0%
スネ夫が自慢話をするときに流れている曲
0%
チャハーン
0%
君は完璧で究極のゲッター 超速報(当時放送中)
0%
チカっとチカ千花っ 『ネットミームかるた200』未収録
0%
にゃんぱすー
0%
何の参考にもならんと思うが
0%
消しゴムマジックで消してやるのさ
0%
えーりん!えーりん!
0%
ミリ知ら
0%
ペニーワイズがオススメするシリーズ 『ネットミームかるた200』未収録
0%
無駄に洗練された無駄の無い無駄な動き
0%
世界一腕の立つ殺し屋
0%
マカオとジョマ構文 超速報(何故かTwitterで話題になっていた)
0%
毒を盛られたことに気づいたセイキン
0%
アームストロング上院議員 海外ミーム
0%
バーボンハウス
0%
んでんでんでwww 『ネットミームかるた200』未収録
0%
すっごーい!君は○○のフレンズなんだね!
0%
インターネットやめろ
0%
恥を知れ!
0%
ゴキブロス
0%
現場猫
0%
あんこ入り☆パスタライス
0%
0%
男の人っていつもそうですね…!
0%
何が嫌いかより何が好きかで自分を語れよ!
0%
丸太小屋 海外ミーム
0%
そして輝くウルトラソウル
0%
刺身の上にタンポポのせる仕事
0%
梅雨明けたんですか! 『ネットのおもちゃでカルタをやってみた【バキ童】』
0%
バールのようなもの
0%
ごまだれ~
0%
せっかく海に来たんだから海に行こうぜ
0%
赤い部屋
0%
またオレ何かやっちゃいました?
0%
キタ―――(゚∀゚)―――― !!
0%
えっ!?こんな状況からでも入れる保険があるんですか!?
0%
吹 っ 切 れ た 2024年1月休止時再掲作品
0%
自分を野原ひろしだと思いこんでいる一般人
0%
やっぱつれぇわ
0%
塩振りおじさん 海外ミーム
0%
男女 超速報(日本マクドナルドの替え歌ツイート)
0%
こういうのでいいんだよこういうので
0%
モノを食べる時はね(略
0%
アームロック
0%
それ以上いけない
0%
君たちはどう生きるか 超速報(映画公開直後)
0%
あんたはここでふゆと死ぬのよ
0%
こするだけシリーズ 『ネットミームかるた200』未収録
0%
例のプール
0%
メントスコーラ
0%
ぴえヨンブートダンス
0%
なんだァ?てめェ……
0%
キリ番
0%
上にスワイプすると飛んでいく○○ Twitterにおける画像表示の挙動を利用したアナログデジタルトリック
0%
マミる 前回のShortsからの続きとなる
0%
コロ虐 超速報(発売されて間もない頃)
0%
赤さん 海外出身の日本生まれのミーム
0%
ゆめにっき 『マヂキタ大草原』
0%
巨頭オ 夏のホラーミーム特集
0%
八尺様 夏のホラーミーム特集
0%
待ってこれ手震えるんだけど
0%
デデーン ドラゴンボール特集
0%
もうだめだぁ…おしまいだぁ… ドラゴンボール特集
0%
10 十円 ドラゴンボール特集 初の2文字かるた
0%
修羅パンツ 海外ミーム
0%
ウッーウッーウマウマ(゚∀゚) 海外ミーム(事実上)
0%
犯人はヤス 別動画で解説有( https://www.youtube.com/watch?v=oxDJHEZtZFk )
0%
流石兄弟 流石だね私たち、姉妹も流石兄弟仕様になっているぞ
0%
コログ構文 超速報(発売して間もない頃)
0%
まったく、小学生は最高だぜ!!
0%
鮫島事件 真夏のホラーミーム特集
0%
すぐにけせ 真夏のホラーミーム特集
0%
猫の忍者 真夏のホラーミーム特集
0%
シャイニング☆スパイラル☆ウンコ 『ネットミームかるた300』未収録
0%
なおエ 超速報(最近のミーム+甲子園開催中)
0%
君なんか写真と違わない?
0%
身体は闘争を求める 超速報(本当に新作が出てきたので)
0%
そこにシビれる!あこがれるゥ! 『ネットミーム元ネタかるた3』
0%
可愛くてごめん 『ネットミームかるた300』未収録
0%
さんをつけろよデコ助野郎 『ネットミーム元ネタかるた2nd Season』
0%
緑の悪魔 『君が望む永遠』の方ではない
0%
内藤ホライゾン 『マヂキタ大草原』
0%
整体に行ったエビ 超速報(当時バズっていた) 完全版が別のShortsで公開されている
0%
肩幅しか能が無いクソ芸術野郎 本人公認 上のミームを作った張本人であるsattouの絵における批判的な評価とおよび自虐的な蔑称
0%
小小作品 海外ミーム
0%
ボスラッシュシリーズ
0%
残当
0%
寄生獣コラ 漫画『寄生獣』に出てくるシンイチとミギーのやり取りをコラージュにしたミーム
0%
稀によくある
0%
富竹フラッシュ
0%
彼氏の財布がマジックテープ式だった
0%
お前が始めた物語だろ 超速報(『完結編』の放送に合わせたとのこと)
0%
ボルガ博士、お許しください! ネットミーム総選挙2023:78位 『チャージマン研!』のネタは100回程度おきに行う方針であること表明
0%
台風コロッケ 超速報(数日前に台風直撃)
0%
あかん阪神アレしてまう 超速報(本当にアレこと優勝した)
0%
上から来るぞ!気を付けろ!
0%
きららジャンプ
0%
デジタル切腹
0%
屋上 『ネットミーム元ネタかるた3』 前Shortsからの続き
0%
ラブライブ!だろ?
0%
ブラクラ 絶滅(危惧)ネットカルチャーシリーズ
0%
ちくわ大明神 投稿頻度のお知らせが告知されている中で紹介
0%
ちくわしか持ってねぇ 前Shortsの続き
0%
そんなふうに考えていた時期が俺にもありました
0%
かわいいは正義 『ネットミームかるた300』未収録
0%
ぐぬぬ 2024年1月休止時再掲作品 前Shortsとは『苺ましまろ』繋がり
0%
千葉滋賀佐賀
0%
大事なことなので二回言いました
0%
ピクミンのうた 超速報(最近発売されたので)
0%
粉☆バナナ
0%
希ガス
0%
特別じゃない、しあわせな時間。 超速報(CM公開して2週間以内)
0%
粛聖!! ロリ神レクイエム☆ 超速報(公開20日後)
0%
依存の悪循環
0%
なにわろてんねん
0%
心がふたつある 『なんか小さくてかわいいやつ』ことちいかわが巨大な生命体を前に槍を折るか折らないか迷った時に指摘されたこの世の真理の一つ
0%
右フック犬 アニマルミーム特集
0%
水を操るリス アニマルミーム特集 上のShortsからの直系続編的なものに近いが、実は右フック犬よりも歴史があるリスと水のコラージュ画像
0%
ゴリラカラス アニマルミーム特集 カラスが地面に体を伏せて休むその手前で撮影された奇跡の瞬間がゴリラにそっくりなピューリッツァー賞になりそうな写真
0%
のび~るたん 海外ミーム
0%
麦茶だこれ
0%
愛の妖精ぷりんてぃん
0%
何も起きないはずがなく…
0%
タミフルリバー三姉妹 『ネットミームかるた400』未収録
0%
彼女とデートなうに使っていいよ 三次元の美少女がTwitterでアップロードした非リア充に対する飽和攻撃の写真
0%
花束でぶん殴る女性の絵 2024年1月休止時再掲作品
0%
こまけぇこたぁいいんだよ!!
0%
うちで踊ろう 『ネットミームかるた400』未収録
0%
農協牛乳 『ネットミームかるた400』未収録
0%
オエーーーー!!!!
0%
結婚したのか、俺以外のヤツと… 『ネットミームかるた400』未収録
0%
世界からのサプライズ動画
0%
カップ焼きそば現象
0%
レッドガン食堂のババア 超速報(話題になって数日程度) 『アーマード・コア6』に登場する「レッドガン」の食堂にて隊員に食事をふるまう年配女性の概念
0%
よっしゃあ漢唄 『ネットミームかるた400』未収録
0%
ぽぽぽぽ~ん 『ネットミームかるた400』未収録
0%
矛盾塊
0%
ユニバーサルメルカトル図法
0%
総統閣下シリーズ ネットミーム総選挙2023:68位
0%
イルカがせめてきたぞっ
0%
前が見えネェ 『ネットミーム元ネタかるた3』(公開1週間後)
0%
イケメンすぎるホームレス 海外ミーム 中国で発見されたワイルド系イケメンにも見える単なるホームレス
0%
矢木に電流走る
0%
ハムッ ハフハフ、 ハフッ!!
0%
待ちガイル
0%
ガイアが俺にもっと輝けと囁いている この数日後に大手パチンコ・スロットのホールであるガイアが倒産する
0%
クマー 超速報(20周年+日本で大量のリアル熊出現問題)
0%
巫女みこナース 『ネットミームかるた400』未収録 使用されたFLASHは「千葉の片隅から」(千葉Q/上等兵)の『ミコミコナース』
0%
キラッ☆ 『ネットミームかるた400』未収録
0%
国際信州学院大学
0%
イヤンホホ
0%
ハレ晴レユカイ 『ネットミームかるた400』未収録
0%
メロンパン 超速報(アニメで放送されたので)
0%
スイカゲーム 超速報(当時大流行)
0%
みんな〜
0%
なるほどシベリア送りだ
0%
素手でラーメンを食べる樋口円香 まだもっさんのお手製だが、将来的にはAIで製作することは可能とされる(botの存在も相まって)
0%
せっかくだから俺はこの赤の扉を選ぶぜ
0%
見たら死ぬシリーズ
0%
こいつ直接脳内に・・・! 字幕ONにすると脳内文が見れる
0%
私ぶっちゃけノリで来たんで 『北斗の拳』のラオウが実際に葬儀される「ラオウ昇魂式」にラオウのことも知らない女性の自白
0%
カラノココロ 『ネットミームかるた400』未収録
0%
ジョルジュ長岡 以前「内藤ホライゾン」で紹介されていた
0%
デデドン!(絶望)
0%
キルミーベイベーは死んだんだ
0%
高澤淳介
0%
天内理子生存ルート 作中のヒロインであるリコをなんとかして死亡から回避する部隊の奮闘
0%
姉の擬人化 超速報(前後編で配信する関係で)
0%
やよぴったん 『ネットミームかるた400』未収録
0%
私は特にどこでもいいです ネットミーム総選挙2023:53位 以前に長尺動画でも扱っていた
0%
なぁぜなぁぜ?
0%
ゼミママ
0%
ブリ(゚∀゚)ハマチ
0%
駅のホームですっぽんぽん
0%
私は何か選択間違えてしまったようですね 超速報(アニメ放送して2カ月以内) 『葬送のフリーレン』に登場する魔族の少女における本能からなる常軌を逸した常識
0%
クッパ姫 海外ミーム
0%
きゅうくらりん
0%
エロ同人みたいに
0%
キッコーマンのウーロン茶
0%
ディスプレイクラッシャー 海外ミーム
0%
まな板にしようぜ!
0%
勝ったな風呂入ってくる
0%
残念!さやかちゃんでした!
0%
不気味の谷メイク 超速報(1カ月以内に発表)
0%
君のような勘のいいガキは嫌いだよ 『ネットミーム元ネタかるた』
0%
キンタマキラキラ金曜日
0%
インターネット上で最も不思議な曲 海外ミーム
0%
はちみつください
0%
自害しろ、アウラ 超速報(放送中)
0%
オタ恋広告 超速報(現在も展開中) オタク向け出会い系サービスのAIを用いた『ビビッドアーミー』に匹敵するクソ広告
0%
カプコン製ヘリ
0%
ジェバンニが一晩でやってくれました
0%
ファミマ入店音
0%
ザ・ゲーム 海外ミーム
0%
ウーマンコミュニケーション
0%
クラナドは人生
0%
なぜ殺たし
0%
うはー夢が広がりんぐ
0%
土と砂と岩の違い分からない TikTokで生まれた曲を使用した、ベン図などでは同じようで実は違うものを歌うネタ
0%
おわり 最終回ではない
0%
がんばれがんばれ先輩 海外ミーム BeMaxが『イジらないで、長瀞さん』の音声を元に作曲したものをベースにした動画シリーズ
0%
ヒウィッヒヒー
0%
○○は俺の嫁
0%
つるぺったん
0%
全自動タマゴ割り機 『マヂキタ大草原』
0%
ベッドの上で飛び跳ねる二人の女性 ネットミーム総選挙2023:45位
0%
これに比べると山岡さんの鮎はカスや
0%
ソフマップの背景 今回から外枠が付くリニューアルがなされた
0%
教室でパソコンを開いたら
0%
ウボァ
0%
トゥートゥートゥマシェリーマーシェーリー
0%
乗馬マシンシリーズ
0%
ラフ・メイカー 『マヂキタ大草原』
0%
ファイナル構図
0%
ハイポーション作ってみた。
0%
親指を立てながら溶鉱炉に沈んでいくシーン
0%
北斎漫画制作キット
0%
ほうとうイエー!
0%
ベイクドモチョチョ
0%
仕方ないね
0%
~からね、しょうがないね
0%
ドリトライ構文
0%
クリスマスにはシャケを食え
0%
でたわね なんJでの金本知憲関連スレで登場する語録の1つ
0%
どけ!俺はお兄ちゃんだぞ! 超速報(アニメ放送されていた)
0%
何をするだァーッ 『ネットミーム元ネタかるた3』
0%
お寿司屋さんに来たんですけど、これは何をするところですか? 熱湯が出てくるため素手で扱うのは絶対危険
0%
ほめ春香
0%
連邦に反省を促すダンス 海外ミーム(The Pumpkin Dance)
0%
言いたいことも言えないこんな世の中じゃ
0%
少し楽しくなる動画 こするだけシリーズで「中曽根ティーチャー」が予告されていた
0%
チャクラ宙返り
0%
みえるみえる
0%
トンファーキック
0%
高度に抽象化された図
0%
な、なんだってー! 『ネットミーム元ネタかるた3』
0%
存在しない記憶
0%
おまえのために はやおきして おべんとうつくってきたんだ
0%
戦犯ちゃん 超速報 悪夢の正月(能登地震、衝突事故……)から生み出された闇?
0%
全部同じじゃないですか⁉ 『ネットミーム元ネタかるた3』
0%
0 0%0%0% 自選集十選
0%
(`0言0́*)<ヴェアアアアアアアア
0%
w (0゚・∀・)wktk 2ちゃん用語
0%
僕からは1個だけ 超速報(WBC優勝直後)
0%
二足歩行猫その1 海外ミーム
0%
1人クリスマス
0%
主人がオオアリクイに殺されて1年が過ぎました
0%
1 100日後に死ぬワニ
0%
リコリコ14話
0%
2位じゃダメなんでしょうか?
0%
光を指さす2人のオタク 『ネットミームかるた300』先行公開
0%
二足歩行猫その2 海外ミーム
0%
白って200色あんねん 『ネットミーム元ネタかるた2nd Season』
0%
カントリーマアム2040年問題 2040年にはカントリーマアムそのものが消滅する近年の内容量減少についての考察
0%
2 2get ドラゴンボール特集
0%
3 300ページのiPhone請求書 海外ミーム
0%
外人4コマ 修正版では『Reaction Guys』と表記
0%
4 404姉さん 海外ミーム?
0%
8 8番出口 超速報(絶賛配信中)
0%
8 8月32日 永遠と続くという意味ではエンドレスエイトの方が有名?
0%
A All My Fellas 海外ミーム しがない高校生が作曲した『Moonlight』をFrizkがアレンジした楽曲から流行った楽曲
0%
A AngelBeats!パロ
0%
A Anti Piracy Screen 海外ミーム(事実上)
0%
A Ara Ara 海外ミーム
0%
時間停止モノのAVの9割はヤラセ
0%
A Ayaya
0%
おどる紲星あかりBB 『ネットミームかるた200』未収録
0%
B Bentley ASMR 海外ミーム 美女がベントレーを用いて音を鳴らすという動画から派生しまくった車のエンジン以外で音を鳴らすASMR動画
0%
B Brick Mania 海外ミーム
0%
D Demotivational Posters 海外ミーム
0%
お前がそう思うんならそうなんだろうお前ん中ではな
0%
強いよね、序盤、中盤、終盤隙がないと思うよ
0%
ネオアームストロングサイクロンジェット アームストロング砲
0%
D DoRaeMooooN! 『ネットミームかるた400』未収録
0%
D DQN
0%
推しの子ED 超速報(当時放送中)
0%
ドカーン(Explosion meme) 海外ミーム 以前扱った爆発オチなんてサイテー!の海外版と言えるもの
0%
F FA フリーエージェントやファンアート、FULLMETAL ALCHEMISTやFORTUNE ARTERIALの方ではない
0%
F FBI OPEN UP 海外ミーム
0%
F Fooさん 2023年最後のかるた
0%
F FPSやめれないんだけどwww
0%
G Gamecube Intro Remixes 海外ミーム
0%
G give me drink bartender 海外ミーム
0%
G Graggle Simpson 海外ミーム
0%
I I'm die.Thank you forever.
0%
全員が全員iPhoneだと思うなよ
0%
ソニーのiPhone
0%
I I wanna be the Guy 海外ミーム 前のShortsからのくだりとして連続で紹介された
0%
J Jagga Jasoos 海外ミーム
0%
J Jogging in tune 海外ミーム
0%
J Just the Two of Us 海外ミーム
0%
K Kagura Bachi 超速報(連載開始して間もないのもあるので)
0%
K Ketsu Drum 海外ミーム
0%
K konpeko meme 海外ミーム
0%
L Loituma girl 海外ミーム
0%
M Man punches car window 海外ミーム https://www.youtube.com/watch?v=c_-TT5lhsoA
0%
M Marcus Perez 海外ミーム
0%
M Meたん
0%
M MIKU
0%
m miku eats a lemon and dies 海外ミーム ミクがレモンを食べて昇天する一発ネタシリーズ
0%
昇天ペガサスMIX盛り
0%
M Monday Left Me Broken Cat 海外ミーム
0%
N Neuron Activation 海外ミーム 猿が別のサルの行動を見たときに活性化するニューロン細胞を現した画像を元にしたコラ
0%
N Nijika in 超速報(当時放送中)
0%
N NML姉貴
0%
ドカベンOP
0%
日常OP 『ネットミームかるた400』未収録
0%
O Oreo meme
0%
O orewa ochinchin ga daisuki nandayo 海外ミーム 海外の人が海外の場で「俺はOCHINCHINが大好きなんだよ!!!」と叫ぶという迷惑ミーム
0%
P PAKUダンス
0%
P Party Parrot
0%
P Perfect things 海外ミーム 『ツイステッド・ナーブ』の音楽と共に流れるある作業が非常に綺麗な形で行われていく様子の動画シリーズ
0%
P Pizza Tower Scream Meme 海海外ミーム 『Pizza Tower』のキャラクターによるびっくり系3DCGネタ動画
0%
P Planking 海外ミーム
0%
P Plin Plin Plon 海外ミーム 『ダークソウル』のBGMである『Gwyn, Lord of Cinder』における一節の擬音表現
0%
世界でいちばんダサいPV 『ネットミームかるた400』未収録
0%
(^q^)くおえうえーーーるえうおおおwwwwwwwwwwwwwwww
0%
R RAINBOW GIRL
0%
S Sad Cat Dance 海外ミーム
0%
S SAX-A-BOOM 海外ミーム サックス型の演奏風電子おもちゃ
0%
S SCP財団 海外ミーム
0%
S SCP-173 海外ミーム
0%
S SEKIROから逃げるな
0%
S Shia LaBeouf 海外ミーム
0%
S Skibidi Toilet 海外ミーム
0%
S Slender Man 海外ミーム
0%
S smooooch・∀・
0%
S STAP細胞はありまぁす 小保方晴子が研究している細胞が否定されたときの悲痛な叫び
0%
なつみSTEP! 事実上の超速報(公開20周年直後)
0%
t tanasinn
0%
T TASさん
0%
T The Backrooms 海外ミーム
0%
T The Bee Family 海外ミーム
0%
V VIP先生 超速報(リメイク版発売されて間もない)
0%
V Virtual Insanity Meme 海外ミーム
0%
W Waffle Falling Over 海外ミーム
0%
くぁwせdrftgyふじこlp
0%
W When Mama Isn't Home 海外ミーム
0%
W Who's That Pokémon? 海外ミーム
0%
W Wimpy:Mug Collecter 海外ミーム ヨハネスブルクにあるファーストフードチェーン店のマグカッププレゼントキャンペーンにおけるCM
0%
W Woah Pipe Bomb 海外ミーム
0%
X X-Files Theme 『ネットミームかるた400』未収録
0%
Y You are an idiot
0%
No matching quizzes found
Score Distribution
Percent of People with Each Score
Percentile by Number Answered
Your Score History
You have not taken this quiz